Դասագիրք երգեցողութեան / (Record no. 149487)
[ view plain ]
| 000 -LEADER | |
|---|---|
| fixed length control field | 01211ncm a2200205 u 4500 |
| 001 - CONTROL NUMBER | |
| control field | 000394229 |
| 003 - CONTROL NUMBER IDENTIFIER | |
| control field | AM-YeHGA |
| 005 - DATE AND TIME OF LATEST TRANSACTION | |
| control field | 20250618072341.0 |
| 008 - FIXED-LENGTH DATA ELEMENTS--GENERAL INFORMATION | |
| fixed length control field | 041210s1912 gs |||||||||||||||||arm|d |
| 040 ## - CATALOGING SOURCE | |
| Original cataloging agency | AM-YeHGA |
| 041 0# - LANGUAGE CODE | |
| Language code of text/sound track or separate title | armrus |
| 080 ## - UNIVERSAL DECIMAL CLASSIFICATION NUMBER | |
| Universal Decimal Classification number | 784.94 |
| 090 ## - LOCALLY ASSIGNED LC-TYPE CALL NUMBER (OCLC); LOCAL CALL NUMBER (RLIN) | |
| -- | 150876 |
| 245 00 - TITLE STATEMENT | |
| Title | Դասագիրք երգեցողութեան / |
| Medium | [Նոտա]/ |
| Statement of responsibility, etc. | Կազմողող՝ Սպ. Մելիքեան. |
| 260 ## - PUBLICATION, DISTRIBUTION, ETC. | |
| Place of publication, distribution, etc. | Тифлисъ : |
| Name of publisher, distributor, etc. | тип. С.М. Лосаберидзе, |
| Date of publication, distribution, etc. | 1912. |
| 300 ## - PHYSICAL DESCRIPTION | |
| Extent | Տարի ; |
| Dimensions | 17 սմ. |
| 505 10 - FORMATTED CONTENTS NOTE | |
| Miscellaneous information | 1 տարի (1912, 16 էջ, նոտա) : |
| Title | Ժողովածու՝ Հ. ժողովրդական, ազգային, եւ եւրոպական (թարգմ.) միաձայն երգերի : Ծխական դպր. IV պատր. եւ թեմ. դպր. I դաս. համար |
| Miscellaneous information | 2 տարի (1912, 16 էջ, նոտա) : |
| Title | Ժողովածու՝ Հ. ժողովրդական, ազգային, եւ եւրոպական (թարգմ.) միաձայն եւ երկձայն երգերի : Ծխական դպր. V պատր. եւ թեմ. դպր. II դաս. համար |
| 650 14 - SUBJECT ADDED ENTRY--TOPICAL TERM | |
| Topical term or geographic name entry element | Երաժշտություն |
| Form subdivision | Դասագիրք |
| 700 1# - ADDED ENTRY--PERSONAL NAME | |
| Personal name | Մելիքյան, Սպիրիդոն Ավետիսի, |
| Dates associated with a name | 1880-1933 |
| Relator term | Կազմող |
| Relationship | com |
| 9 (RLIN) | 1942 |
| Withdrawn status | Lost status | Damaged status | Not for loan | Collection | Home library | Current library | Date acquired | Serial enumeration / chronology | Total checkouts | Full call number | Barcode | Date last seen | Price effective from | Koha item type | Public note | Cost, normal purchase price |
|---|---|---|---|---|---|---|---|---|---|---|---|---|---|---|---|---|
| General | Fundamental Scientific Library | Fundamental Scientific Library | 28/12/2016 | 1 | 78(075) | 220050061 | 28/12/2016 | 28/12/2016 | Գրքեր / Books | 30 Days Loan | ||||||
| General | Fundamental Scientific Library | Fundamental Scientific Library | 28/12/2016 | 2 | 78(075) | 220050062 | 28/12/2016 | 28/12/2016 | Գրքեր / Books | 30 Days Loan | ||||||
| General | Fundamental Scientific Library | Fundamental Scientific Library | 28/12/2016 | 2 | AII/20026 | FL0007487 | 28/12/2016 | 28/12/2016 | Գրքեր / Books | 30 Days Loan | 25.00 | |||||
| General | Fundamental Scientific Library | Fundamental Scientific Library | 28/12/2016 | 1 | AII/20063 | FL0007391 | 28/12/2016 | 28/12/2016 | Գրքեր / Books | 30 Days Loan | 25.00 |
ՀՀ Գիտությունների ազգային ակադեմիայի հիմնարար գիտական գրադարան = Fundamental Scientific Library of NAS RA
All site content, except where otherwise noted, is licensed under a